Rôles Jean Dujardin - Statistiques

Statistiques générales
  • Ce quiz a été pris 64 fois
  • Le résultat moyen est 9 sur 25
Statistiques - réponses
Par images Réponse % Correct
Brice de Nice
93%
Lucky Luke
91%
OSS 117
90%
Les Petits Mouchoirs
67%
The Artist
66%
Novembre
53%
Un Homme à la Hauteur
48%
Le Daim
47%
Les Infidèles
45%
99F
43%
Un Homme à la Hauteur
40%
Le Loup de Wall Street
36%
Présidents
34%
La French
31%
Le Retour du Héros
24%
Monuments Men
19%
Le Bruit des Glaçons
16%
Sur les Chemins Noirs
16%
Un + Une
12%
Contre Enquête
10%
Le Convoyeur
9%
Un Balcon sur la Mer
7%
Möbius
5%
I Feel Good
3%
Cash
2%
Aucun quiz correspondant
Distribution des résultats
% des personnes avec chaque résultat
Percentile par nombre de réponses
Votre historique - résultats
Vous n’avez pas pris ce quiz